000 00477nam a2200169Ia 4500
005 20250326143727.0
008 250326s9999 xx 000 0 und d
037 _aTextbook
040 _aFMSL
_beng
_cFMSL
041 _aeng
_2eng
084 _aY48obS P4
_qFMSL
100 _aCaruso D R
_9747674
245 0 _aEomtionally intelligent manager
_cCaruso D R
260 _aCanada
_bCanada, Jossey-Bass
_c2004
942 _cTB
_hY48obS P4
999 _c1300763
_d1300763